Statistics for Boruto Characters

Click here to take the quiz!

General Stats

  • This quiz has been taken 486 times
    (359 since last reset)
  • The average score is 34 of 58

Answer Stats

HintAnswer% Correct
Team 7Boruto
99%
Team 7Sarada
96%
B. Uzumaki's dadNaruto
94%
Team 7Mitsuki
93%
I. Yamanaka's mumIno
91%
Team 7's SenseiKonohamaru
91%
S. Uchiha's dadSasuke
90%
B. Uzumaki's mumHinata
89%
S. Uchiha's mumSakura
88%
S. Nara's dadShikamaru
86%
Team 10Shikadai
85%
B. Uzumaki's sisHimawari
84%
Team 10Chocho
83%
C. Akimichi's dadChoji
83%
M. Lee's dadRock Lee
83%
I. Yamanaka's dadSai
83%
Sixth HokageKakashi
82%
Team 10Inojin
81%
Mitsuki's dadOrochimaru
80%
S. Nara's mumTemari
80%
S. Nara's uncleGaara
77%
Team 5Metal Lee
77%
Uchiha's clonesShin
76%
Clones' creatorShin
76%
B. Uzumaki's dead uncleNeji
72%
OtsutsukiMomoshiki
67%
S. Nara's second uncleKankuro
63%
Old Taka teamKarin
63%
Team 5Denki
62%
Academy's senseiShino
62%
Old Taka teamSuigetsu
60%
Old Taka teamJugo
59%
Team 5Iwabee
57%
Team 10's SenseiMoegi
55%
Asuma's daughterMirai
53%
Team 15's SenseiHanabi
51%
Team 15Sumire
50%
Current RaikageDarui
48%
Team 5's SenseiUdon
48%
Team 15Wasabi
48%
Current MizukageChojuro
46%
C. Akimichi's mumKarui
45%
Sunagakure's teamShinki
40%
OtsutsukiKinshiki
37%
Team 15Namida
36%
OtsutsukiUrashiki
36%
Current TsuchikageKurotsuchi
31%
Chunin's examinerAnko
29%
New Seven Ninja SwordsmenKagura
29%
Team 25Hako
17%
Sunagakure's teamYodo
17%
Sunagakure's teamAraya
15%
Team 25Hoki
15%
Team 40Enko
14%
Team 40Doshu
12%
Team 25Renga
12%
Team 40Tsuru
12%
Mujina's leaderShojoji
11%

Score Distribution

Percentile by Number Answered

Percent of People with Each Score

Your Score History

You have not taken this quiz since the last reset